The sense of order : a study in the psychology of decorative art

Αποθηκεύτηκε σε:
Λεπτομέρειες βιβλιογραφικής εγγραφής
Κύριος συγγραφέας: Gombrich, E. H. (Ernst Hans), 1909-2001
Μορφή: Βιβλίο
Γλώσσα:English
Δημοσίευση: Ithaca : Cornell University Press, 1979
Σειρά:Wrightsman lectures ; ; 9
Θέματα:
Ετικέτες: Προσθήκη ετικέτας
Δεν υπάρχουν, Καταχωρήστε ετικέτα πρώτοι!

MARC

LEADER 00000cam a2200000 i 4500
001 1/2209
008 950811s1979 eng d
020 |a 0-7148-2259-0 
035 |l 10014739 
040 |a GR-MY-UA  |b gre  |e aacr 
041 0 |a eng 
082 0 |a 745.01 
100 1 |a Gombrich, E. H.   |q (Ernst Hans),   |d 1909-2001. 
245 1 4 |a The sense of order :  |b a study in the psychology of decorative art /  |c E. H. Gombrich 
260 |a Ithaca :   |b Cornell University Press,   |c 1979 
300 |a xi, 411 p., [4] leaves of plates;  |b ill. (some col.);  |c 27 cm 
490 1 |a Wrightsman lectures  |v ; 9 
504 |a Bibliography: p. [389]. Includes index 
650 0 0 |a Decoration and ornament  |x Psychological aspects. 
830 0 |a Wrightsman lectures ;  |v ; 9 
852 |a INST  |b LESVOS  |e 19950811  |h 745.01 GOM  |p 005100007422  |q 005100007422  |t BK  |y 0 
909 |a Λ  |b 042204